Normal view
MARC view
Entry Personal Name
001 - CONTROL NUMBER
- control field: 769
003 - CONTROL NUMBER IDENTIFIER
- control field: HDC
005 - DATE AND TIME OF LATEST TRANSACTION
- control field: 20230624073103.0
008 - FIXED-LENGTH DATA ELEMENTS
- fixed length control field: 201220|| aca||aabn | a|a d
040 ## - CATALOGING SOURCE
- Original cataloging agency: HDC
- Transcribing agency: HDC
100 ## - HEADING--PERSONAL NAME
- Personal name: Jusmaliani
670 ## - SOURCE DATA FOUND
- Source citation: Work cat.: (HDC): Jusmaliani, author, Religiosity Aspect in Consumer Behaviour: Determinants of Halal Meat Consumption /, 2009
